| 000 | 00548nam a2200169 a 4500 | ||
|---|---|---|---|
| 005 | 20140412111311.0 | ||
| 008 | 020416s19uu xx 00 eng d | ||
| 020 | _a0-673-37552-8 | ||
| 050 |
_aTR(GS 510 _bE96.3 1996 |
||
| 100 | _aBolster, Carey L. | ||
| 245 |
_aExploring mathematics / _cL. Carey Bolster, et al. |
||
| 260 |
_aGlenview, Illinois : _bScottForesman A Division of Harper Collins Publishers, _c1996. |
||
| 300 | _axix p. ; 573 p. ; ill. | ||
| 440 | _aScott, Foresman | ||
| 650 |
_aMathematics _xStudy and Teaching |
||
| 999 |
_c104010 _d104010 |
||